=LDR 00000nam 2200000 4500 =001 INLIS000000000013600 =005 20130612104953 =008 ***********************************Ind** =035 ##$$0010-061300000013600 =041 ##$$a Ind =082 ##$$a 745.572 =090 ##$$a 745.572, sas k =100 ##$$a Sastrodieirjo, Herry cahyo =245 ##$$a Kreasi buga dari sedotan, Herry Cahyo Sastrodwirjo =260 ##$$a Puspa swara6c2002 $b Jakarta =300 ##$$a 84 hlm, 23 cm =650 ##$$a Kerajinan plastik =850 ##$$a NBPNMAT